000 01516cab a22003135a 4500
001 L144986
008 080828e20080823xxka f 000 0 eng d
035 _a(Sirsi) u144986
041 0 _aeng
100 1 _aSmall, Jonathan
245 0 0 _aKnow the boundaries
260 _c2008
490 _aEstates Gazette
_v(0833) 23 August 2008, 69-70(2)
520 _aArticle discusses legal obstacles being faced by developers due to tough market conditions; in particular the complications that arise when buyers or developers decide to withdraw from conditional contracts for sale. Looks at conditions precedents (including conditions with reference to 'reasonable satisfaction') and also addresses obligations to discharge conditions and attempts to secure agreements in the courts.
650 2 4 _aGLENMERE PLC V F STOKES & SONS LTD
650 2 4 _aJOLLEY V CARMEL LTD
650 2 4 _aLITTLE V COURAGE LTD
650 2 4 _aLONDON & REGIONAL INVESTMENTS LTD V TBI PLC
650 2 4 _aPHILLIPS PETROLEUM CO (UK) LTD V ENRON (EUROPE) LTD
650 2 4 _aP&O PROPERTY HOLDINGS LTD V NORWICH UNION LIFE INSURANCE SOCIETY
650 2 4 _aTESCO STORES V WILLIAM GIBSON & SON
650 2 4 _aYEWBELLE LTD V LONDON GREEN DEVELOPMENTS LTD AND ANOTHER
650 2 4 _aRHODIA INTERNATIONAL HOLDINGS LTD AND ANOTHER V HUNTSMAN INTERNATIONAL LLC
650 2 4 _aRICS COMMERCIAL MARKET SURVEY UNITED KINGDOM
651 4 _aUnited Kingdom
_y
690 _aPlanning and development
_96259
700 1 _aRadley-Gardner, Oliver
942 _n0
999 _c80675
_d80675